[Event "Ruhrgebiet Verbandsklasse Gruppe 2 1516"]
[Site "Germany"]
[Date "2015.09.27"]
[Round "2.6"]
[White "Schuetz, Ralf"]
[Black "Fischer, David"]
[Result "1-0"]
[WhiteElo "1751"]
[BlackElo "987"]
[PlyCount "37"]
[EventDate "2015.09.06"]
[EventType "team-tourn"]
[EventRounds "9"]
[EventCountry "GER"]
[SourceTitle "EXT 2022"]
[Source "ChessBase"]
[SourceDate "2021.10.06"]
[SourceVersion "1"]
[SourceVersionDate "2021.10.06"]
[SourceQuality "1"]
[WhiteTeam "Boenen SV"]
[BlackTeam "Ickern"]
[WhiteTeamCountry "GER"]
[BlackTeamCountry "GER"]

1. e4 e6 2. d4 d5 3. Nd2 c5 4. Ngf3 Nc6 5. exd5 exd5 6. Bb5 Bd7 7. 0-0 Bd6 8. dxc5 Bxc5 9. Nb3 Bd6 10. Qxd5 Qc7 11. Rd1 Ke7 12. Nc5 Nf6 13. Bg5 a6 14. Bc4 Rhf8 15. Ne4 Bf4 16. Qc5+ Ke8 17. Bxf6 Be6 18. Bxg7 Ne7 19. Nf6# 1-0